| Поле | Инд. | ПП | Название | Значение |
|---|---|---|---|---|
| Тип записи | a | |||
| Библиографический уровень | b | |||
| 001 | Контрольный номер | RU/IS/BASE/335380839 | ||
| 005 | Дата корректировки | 20200526074546.8 | ||
| 008 | Кодируемые данные | 20100817 | ||
| 040 | b | Код языка каталог. | rus | |
| e | Правила каталог. | PSBO | ||
| 041 | 0_ | a | Код языка текста | rus |
| 084 | a | Индекс другой классификации/Индекс ББК | 67.910.34(001); 67.911.17г | |
| 100 | 1_ | a | Автор | Губанов А. И. |
| 245 | 10 | a | Заглавие | Делимитация морских пространств между Российской Федерацией и Соединенными Штатами Америки: нормы и перспективы |
| 504 | a | Библиография | Примеч. - Лит.: 7 назв. | |
| 520 | a | Аннотация | Анализируются вопросы правового статуса морских пространств восточной части Северного Ледовитого океана. Автор обращается к истории вопроса и его современному состоянию | |
| 650 | a | Основная рубрика | международное право | |
| a | Основная рубрика | международное публичное право | ||
| a | Основная рубрика | право | ||
| 653 | a | Ключевые слова | арктические регионы | |
| a | Ключевые слова | Арктический шельф | ||
| a | Ключевые слова | исключительная экономическая зона | ||
| a | Ключевые слова | история международных отношений | ||
| a | Ключевые слова | Комиссия по границам континентального шельфа | ||
| a | Ключевые слова | континентальный шельф | ||
| a | Ключевые слова | международное морское право | ||
| a | Ключевые слова | международные отношения | ||
| a | Ключевые слова | международные соглашения | ||
| a | Ключевые слова | морские границы | ||
| a | Ключевые слова | морские границы | ||
| a | Ключевые слова | морские пространства | ||
| a | Ключевые слова | российско-американские отношения | ||
| a | Ключевые слова | Россия | ||
| a | Ключевые слова | США | ||
| 773 | 08 | t | Заглавие источника | Вестник Московского университета. Серия 11, Право |
| d | Дата издания источника | 2010 | ||
| g | Прочая информация | № 2. - С. 98 - 107 | ||
| w | Контрольный № источника | RU/IS/BASE/328719420 | ||
| 901 | t | Тип документа | b |